000 00240 a2200097 4500
001 6712
100 _aDavies, M.B
245 _aPhysical education : games and athletics for training colleges
260 _a
_bG Allen
_c
090 _c5565
_d5565
942 _aNUST-CAE
_cM
_c32006
999 _c241785
_d241785